000 01048nam0a22002651 4500
001 rc\525696
005 20250621120830.0
035 _a(NLR Aleph) 005764327
090 _a4971331
_c4971331
100 _a20030616d1987 |||y0rusy50 ca
101 0 _arus
102 _aRU
105 _ay |||||||||
200 1 _aОрганизация травматологической помощи сельскому населению
_e(Регион. анализ)
_fОтв. ред. Н.А. Тестемицану
_gКишин. гос. мед. ин-т
210 _aКишинев
_cШтиинца
_d1987
215 _a104, [2] с.
_d22
300 _aПеред вып. дан. 2-й авт.: Таштемир Эманкулович [!] Унгбаев
320 _aБиблиогр.: с. 99-105
700 1 _aПрисакарь
_bИ.Ф.
_gИван Федорович
701 1 _aУнгбаев
_bТ.Э.
_gТаштемир Эшанкулович
801 0 _aRU
_bNLR
_gpsbo
801 1 _aRU
_bELAR
_2rusmarc
852 _aNLR
_j88-5/820
942 _cBOOK
980 _aNB